000
00285nam a2200109Ia 4500
008
200302s9999 xx 000 0 und d
100
_a
The Course Team
245
_a
Mechanical Services Unite 21 The Modern Flat Unit 22
260
_b
The Open University
260
_c
1975
300
_a
92 P.,
999
_c
525
_d
525